|
|
|
|
| LEADER |
00000cam a2200000 a 4500 |
| 001 |
vtls008398197 |
| 003 |
SK-MaSNL |
| 005 |
20260302090216.0 |
| 008 |
250312s1946 xo 000 0 slo |
| 015 |
|
|
|a SNBA19451955-011306
|
| 035 |
|
|
|a SK01SNKBKSFS20020090414
|
| 035 |
|
|
|a urn:nbn:sk:snk-am3hra0
|
| 035 |
|
|
|a BFBAC3A7-059B-41F3-A48E-D0B1718B5182
|
| 035 |
|
|
|a urn:nbn:sk:snk-am00d6gt
|
| 035 |
|
|
|a SKM000092877
|
| 040 |
|
|
|a SNK
|b slo
|c SNK
|e AACR2
|
| 041 |
0 |
|
|a slo
|
| 044 |
|
|
|a xo
|c SK
|
| 080 |
|
|
|a 355(47+57)
|2 1981
|
| 245 |
1 |
0 |
|a Sprievodca a katalog k výstave Vojenské umenie Červenej armády
|b od 24.2. do 20.3. 1946 v štátnej škole na ulici Dr. Janka Jesenského č. 6
|
| 260 |
|
|
|a [Bratislava]
|b Sväz priateľov SSSR na Slovensku
|b Spoločnosť pre kultúrne a hospodárske styky so SSSR
|c 1946
|e Bratislava
|f Pravda
|
| 300 |
|
|
|a [24] s.
|c V. 8°
|
| 500 |
|
|
|a Ob. tit. Frontispice
|
| 610 |
1 |
7 |
|a Sovietsky zväz.
|b Raboče-Kresťjanskaja Krasnaja Armija
|2 snkbucl
|
| 648 |
|
7 |
|a 1918-1945
|2 SNKPH
|9 276922
|
| 650 |
0 |
7 |
|a vojenstvo
|2 SNKPH
|9 22591
|
| 650 |
0 |
7 |
|a vojenské dejiny
|2 SNKPH
|9 70411
|
| 655 |
|
7 |
|a katalógy výstav
|2 SNKPH
|9 70445
|
| 852 |
|
|
|a Slovenská národná knižnica
|
| 958 |
|
|
|a OND
|
| 958 |
|
|
|a RK
|
| 958 |
|
|
|a TL
|
| 999 |
|
|
|c 1195663
|d 1197593
|
| 952 |
|
|
|a SNK
|b SNK
|y VYP
|7 0
|p 17A0335715
|o snkSD 5264/5 D1
|i snkKSF 2671/56
|8 5
|3 rekatalogizácia
|0 0
|1 0
|4 0
|d 2007-08-02
|l 0
|r 2026-02-24 22:25:25
|w 2026-02-24
|
| 952 |
|
|
|a SNK
|b SNK
|y PREZ
|7 0
|p 17A0908661
|o snkSD 5264/5
|i snk685/46
|0 0
|1 0
|4 0
|d 2018-08-13
|f 1
|l 0
|r 2025-11-12 00:00:00
|w 2026-02-24
|